=LDR 00000nam 2200000 4500 =001 INLIS000000000022980 =005 20130612121700 =008 ***********************************Ind** =035 ##$$0010-061300000022980 =041 ##$$a Ind =082 ##$$a 910.76 =090 ##$$a 910.76, Her-p =100 ##$$a Ruhimat, Mamat =245 ##$$a Pegangan Geografi 2 untuk SLTP kelas 2, Mamat Ruhimat =260 ##$$a 2000 $b Bandunga =300 ##$$a 70 hlm., ilus, 29 cm =650 ##$$a Geografi - Pelajaran =850 ##$$a NBPNMAT